[Event "56th Hull Congress"]
[Site "Hull"]
[Date "2019.11.03"]
[Round "5"]
[Board "4"]
[White "Hebden, Mark L"]
[Black "Okhai, Shabir"]
[Result "1-0"]
[WhiteElo "2427"]
[BlackElo "2159"]
[PlyCount "0"]
[EventDate "2019.11.01"]
[EventRounds "5"]
[EventCountry "ENG"]

1. d4 {[%clk 01:30:51]} {[%emt 00:00:08]} Nf6 {[%clk 01:30:55]} {[%emt
00:00:05]} 2. Nc3 {[%clk 01:31:17]} {[%emt 00:00:06]} d5 {[%clk 01:31:19]}
{[%emt 00:00:05]} 3. Bf4 {[%clk 01:31:43]} {[%emt 00:00:05]} e6 {[%clk
01:31:43]} {[%emt 00:00:05]} 4. Nb5 {[%clk 01:31:45]} {[%emt 00:00:29]} Bb4+
{[%clk 01:31:45]} {[%emt 00:00:27]} 5. c3 {[%clk 01:31:56]} {[%emt 00:00:19]}
Ba5 {[%clk 01:32:07]} {[%emt 00:00:08]} 6. a4 {[%clk 01:29:43]} {[%emt
00:02:43]} a6 {[%clk 01:30:05]} {[%emt 00:02:31]} 7. Na3 {[%clk 01:26:33]}
{[%emt 00:03:41]} c6 {[%clk 01:28:00]} {[%emt 00:02:35]} 8. e3 {[%clk
01:26:28]} {[%emt 00:00:34]} Bc7 {[%clk 01:19:32]} {[%emt 00:08:59]} 9. Nf3
{[%clk 01:25:38]} {[%emt 00:01:20]} Nbd7 {[%clk 01:17:52]} {[%emt 00:02:10]} 10.
Bd3 {[%clk 01:25:36]} {[%emt 00:00:32]} b6 {[%clk 01:12:21]} {[%emt 00:06:01]}
11. O-O {[%clk 01:24:32]} {[%emt 00:01:34]} Bb7 {[%clk 01:10:20]} {[%emt
00:02:31]} 12. b4 {[%clk 01:22:21]} {[%emt 00:02:40]} Qb8 {[%clk 01:08:41]}
{[%emt 00:02:09]} 13. Bxc7 {[%clk 01:21:09]} {[%emt 00:01:43]} Qxc7 {[%clk
01:09:08]} {[%emt 00:00:03]} 14. c4 {[%clk 01:19:39]} {[%emt 00:01:59]} a5
{[%clk 01:04:24]} {[%emt 00:05:15]} 15. cxd5 {[%clk 01:15:21]} {[%emt
00:04:48]} exd5 {[%clk 01:02:08]} {[%emt 00:02:46]} 16. b5 {[%clk 01:09:38]}
{[%emt 00:06:13]} c5 {[%clk 00:58:32]} {[%emt 00:04:07]} 17. Bf5 {[%clk
01:09:40]} {[%emt 00:00:27]} O-O {[%clk 00:53:26]} {[%emt 00:05:35]} 18. Qc2
{[%clk 01:09:10]} {[%emt 00:01:01]} g6 {[%clk 00:52:19]} {[%emt 00:01:37]} 19.
Bh3 {[%clk 01:08:39]} {[%emt 00:01:00]} Ne4 {[%clk 00:48:49]} {[%emt 00:04:00]}
20. Bxd7 {[%clk 01:06:38]} {[%emt 00:02:32]} Qxd7 {[%clk 00:48:51]} {[%emt
00:00:27]} 21. Ne5 {[%clk 01:06:19]} {[%emt 00:00:49]} Qd6 {[%clk 00:44:34]}
{[%emt 00:04:48]} 22. f3 {[%clk 01:05:14]} {[%emt 00:01:35]} cxd4 {[%clk
00:42:47]} {[%emt 00:02:17]} 23. exd4 {[%clk 01:03:45]} {[%emt 00:01:58]} Rac8
{[%clk 00:40:50]} {[%emt 00:02:28]} 24. Qb2 {[%clk 01:02:18]} {[%emt 00:01:56]}
Ng5 {[%clk 00:38:33]} {[%emt 00:02:46]} 25. Nc2 {[%clk 00:53:41]} {[%emt
00:09:09]} Ne6 {[%clk 00:36:59]} {[%emt 00:02:03]} 26. Ne3 {[%clk 00:47:24]}
{[%emt 00:06:47]} f6 {[%clk 00:36:24]} {[%emt 00:01:06]} 27. Nd3 {[%clk
00:47:16]} {[%emt 00:00:38]} Rc7 {[%clk 00:34:29]} {[%emt 00:02:25]} 28. Rae1
{[%clk 00:47:04]} {[%emt 00:00:41]} Kg7 {[%clk 00:30:24]} {[%emt 00:04:36]} 29.
f4 {[%clk 00:43:48]} {[%emt 00:03:45]} Rfc8 {[%clk 00:27:50]} {[%emt 00:03:05]}
30. f5 {[%clk 00:41:28]} {[%emt 00:02:49]} Ng5 {[%clk 00:23:36]} {[%emt
00:04:45]} 31. Nf4 {[%clk 00:40:53]} {[%emt 00:01:05]} Kf7 {[%clk 00:18:24]}
{[%emt 00:05:42]} 32. Qa2 {[%clk 00:33:18]} {[%emt 00:08:04]} Rc4 {[%clk
00:13:38]} {[%emt 00:05:16]} 33. Nxc4 {[%clk 00:32:53]} {[%emt 00:00:56]} dxc4
{[%clk 00:13:51]} {[%emt 00:00:17]} 34. fxg6+ {[%clk 00:31:13]} {[%emt
00:02:10]} hxg6 {[%clk 00:14:09]} {[%emt 00:00:12]} 35. d5 {[%clk 00:31:36]}
{[%emt 00:00:07]} Bxd5 {[%clk 00:12:55]} {[%emt 00:01:43]} 36. Qd2 {[%clk
00:29:07]} {[%emt 00:02:59]} Rd8 {[%clk 00:11:04]} {[%emt 00:02:22]} 37. Rd1
{[%clk 00:25:57]} {[%emt 00:03:39]} Qc5+ {[%clk 00:09:41]} {[%emt 00:01:53]} 38.
Qd4 {[%clk 00:25:55]} {[%emt 00:00:31]}  1-0

[Event "56th Hull Congress"]
[Site "Hull"]
[Date "2019.11.03"]
[Round "5"]
[Board "5"]
[White "Moreby, James E"]
[Black "Sowray, Peter J"]
[Result "1/2-1/2"]
[WhiteElo "2121"]
[BlackElo "2361"]
[PlyCount "0"]
[EventDate "2019.11.01"]
[EventRounds "5"]
[EventCountry "ENG"]

1. c4 {[%clk 01:30:58]} {[%emt 00:00:02]} e6 {[%clk 01:30:55]} {[%emt
00:00:04]} 2. Nc3 {[%clk 01:31:22]} {[%emt 00:00:07]} d5 {[%clk 01:31:20]}
{[%emt 00:00:04]} 3. d4 {[%clk 01:31:49]} {[%emt 00:00:03]} Nf6 {[%clk
01:31:45]} {[%emt 00:00:05]} 4. cxd5 {[%clk 01:32:16]} {[%emt 00:00:03]} exd5
{[%clk 01:32:09]} {[%emt 00:00:06]} 5. Bg5 {[%clk 01:32:42]} {[%emt 00:00:04]}
c6 {[%clk 01:32:32]} {[%emt 00:00:07]} 6. e3 {[%clk 01:33:07]} {[%emt
00:00:06]} Be7 {[%clk 01:32:58]} {[%emt 00:00:04]} 7. Bd3 {[%clk 01:33:25]}
{[%emt 00:00:12]} Nbd7 {[%clk 01:33:23]} {[%emt 00:00:05]} 8. Nge2 {[%clk
01:33:46]} {[%emt 00:00:09]} h6 {[%clk 01:33:47]} {[%emt 00:00:06]} 9. Bh4
{[%clk 01:34:11]} {[%emt 00:00:05]} Nh5 {[%clk 01:34:12]} {[%emt 00:00:04]} 10.
Bxe7 {[%clk 01:34:10]} {[%emt 00:00:31]} Qxe7 {[%clk 01:34:40]} {[%emt
00:00:02]} 11. g4 {[%clk 01:32:25]} {[%emt 00:02:15]} Nhf6 {[%clk 01:32:31]}
{[%emt 00:02:39]} 12. Ng3 {[%clk 01:32:23]} {[%emt 00:00:31]} g6 {[%clk
01:29:36]} {[%emt 00:03:26]} 13. h3 {[%clk 01:31:14]} {[%emt 00:01:38]}  1/2-1/2

[Event "56th Hull Congress"]
[Site "Hull"]
[Date "2019.11.03"]
[Round "5"]
[Board "6"]
[White "Merriman, John"]
[Black "Smith, Simon"]
[Result "1-0"]
[WhiteElo "2201"]
[BlackElo "1975"]
[PlyCount "0"]
[EventDate "2019.11.01"]
[EventRounds "5"]
[EventCountry "ENG"]

1. d4 {[%clk 01:30:59]} {[%emt 00:00:01]} d5 {[%clk 01:30:53]} {[%emt
00:00:06]} 2. c4 {[%clk 01:31:23]} {[%emt 00:00:06]} c6 {[%clk 01:31:19]}
{[%emt 00:00:05]} 3. Nc3 {[%clk 01:31:27]} {[%emt 00:00:25]} Nf6 {[%clk
01:30:53]} {[%emt 00:00:56]} 4. e3 {[%clk 01:31:51]} {[%emt 00:00:06]} Bf5
{[%clk 01:31:06]} {[%emt 00:00:17]} 5. Qb3 {[%clk 01:31:29]} {[%emt 00:00:53]}
Qb6 {[%clk 01:30:14]} {[%emt 00:01:22]} 6. Qxb6 {[%clk 01:31:33]} {[%emt
00:00:25]} axb6 {[%clk 01:30:35]} {[%emt 00:00:09]} 7. cxd5 {[%clk 01:31:51]}
{[%emt 00:00:13]} cxd5 {[%clk 01:28:57]} {[%emt 00:02:06]} 8. Nf3 {[%clk
01:31:33]} {[%emt 00:00:49]} Nc6 {[%clk 01:27:07]} {[%emt 00:02:21]} 9. Bb5
{[%clk 01:31:11]} {[%emt 00:00:52]} Bd7 {[%clk 01:26:46]} {[%emt 00:00:50]} 10.
Ne5 {[%clk 01:22:33]} {[%emt 00:09:09]} e6 {[%clk 01:25:04]} {[%emt 00:02:03]}
11. Nxd7 {[%clk 01:21:54]} {[%emt 00:01:17]} Nxd7 {[%clk 01:25:06]} {[%emt
00:00:28]} 12. Bd2 {[%clk 01:19:28]} {[%emt 00:02:57]} Be7 {[%clk 01:24:02]}
{[%emt 00:01:33]} 13. Ke2 {[%clk 01:17:50]} {[%emt 00:02:08]} O-O {[%clk
01:23:59]} {[%emt 00:00:33]} 14. Rhc1 {[%clk 01:17:48]} {[%emt 00:00:33]} Rfc8
{[%clk 01:09:57]} {[%emt 00:14:31]} 15. f3 {[%clk 01:14:14]} {[%emt 00:04:04]}
Kf8 {[%clk 01:03:59]} {[%emt 00:06:28]} 16. Be1 {[%clk 01:13:52]} {[%emt
00:00:52]} Bd6 {[%clk 01:00:39]} {[%emt 00:03:51]} 17. Bf2 {[%clk 01:13:22]}
{[%emt 00:00:59]} Ke7 {[%clk 00:58:34]} {[%emt 00:02:34]} 18. e4 {[%clk
01:07:37]} {[%emt 00:06:15]} dxe4 {[%clk 00:58:44]} {[%emt 00:00:21]} 19. Nxe4
{[%clk 01:05:27]} {[%emt 00:02:40]} Bf4 {[%clk 00:58:26]} {[%emt 00:00:46]} 20.
Rc3 {[%clk 01:00:39]} {[%emt 00:05:20]} f5 {[%clk 00:53:25]} {[%emt 00:05:31]}
21. Nd2 {[%clk 00:55:50]} {[%emt 00:05:19]} Nb4 {[%clk 00:53:09]} {[%emt
00:00:46]} 22. Rxc8 {[%clk 00:45:27]} {[%emt 00:10:53]} Rxc8 {[%clk 00:53:24]}
{[%emt 00:00:14]} 23. Nc4 {[%clk 00:45:20]} {[%emt 00:00:37]} Nd5 {[%clk
00:52:14]} {[%emt 00:01:38]} 24. g3 {[%clk 00:45:31]} {[%emt 00:00:22]} Bg5
{[%clk 00:50:42]} {[%emt 00:02:01]} 25. Rd1 {[%clk 00:35:30]} {[%emt 00:10:31]}
f4 {[%clk 00:48:08]} {[%emt 00:03:05]} 26. Rd3 {[%clk 00:30:25]} {[%emt
00:05:35]} Bf6 {[%clk 00:46:41]} {[%emt 00:01:57]} 27. Rb3 {[%clk 00:27:15]}
{[%emt 00:03:40]} Nb8 {[%clk 00:43:53]} {[%emt 00:03:17]} 28. a3 {[%clk
00:21:22]} {[%emt 00:06:23]} Nc6 {[%clk 00:43:24]} {[%emt 00:00:59]} 29. Kd3
{[%clk 00:21:02]} {[%emt 00:00:50]} g5 {[%clk 00:41:31]} {[%emt 00:02:22]} 30.
Ba4 {[%clk 00:20:40]} {[%emt 00:00:54]} Rd8 {[%clk 00:29:20]} {[%emt 00:12:41]}
31. Bxc6 {[%clk 00:17:43]} {[%emt 00:03:26]} bxc6 {[%clk 00:29:40]} {[%emt
00:00:11]} 32. Nxb6 {[%clk 00:17:58]} {[%emt 00:00:15]} Ne3 {[%clk 00:28:25]}
{[%emt 00:01:44]} 33. Bxe3 {[%clk 00:12:45]} {[%emt 00:05:43]} fxe3 {[%clk
00:28:52]} {[%emt 00:00:03]} 34. Kxe3 {[%clk 00:12:34]} {[%emt 00:00:42]} Bxd4+
{[%clk 00:28:44]} {[%emt 00:00:36]} 35. Ke2 {[%clk 00:12:44]} {[%emt 00:00:21]}
Bg1 {[%clk 00:25:37]} {[%emt 00:03:36]} 36. h4 {[%clk 00:12:42]} {[%emt
00:00:33]} gxh4 {[%clk 00:25:40]} {[%emt 00:00:27]} 37. gxh4 {[%clk 00:13:09]}
{[%emt 00:00:03]} Bxb6 {[%clk 00:24:38]} {[%emt 00:01:33]} 38. Rxb6 {[%clk
00:13:27]} {[%emt 00:00:12]} Kd6 {[%clk 00:24:54]} {[%emt 00:00:14]} 39. Rb7
{[%clk 00:13:08]} {[%emt 00:00:49]} h5 {[%clk 00:23:57]} {[%emt 00:01:26]} 40.
Ke3 {[%clk 00:13:21]} {[%emt 00:00:17]} e5 {[%clk 00:22:02]} {[%emt 00:02:24]}
41. a4 {[%clk 00:11:27]} {[%emt 00:02:25]} Ra8 {[%clk 00:20:51]} {[%emt
00:01:40]} 42. b3 {[%clk 00:11:40]} {[%emt 00:00:19]} c5 {[%clk 00:19:50]}
{[%emt 00:01:31]} 43. Rb6+ {[%clk 00:08:12]} {[%emt 00:03:57]} Kd5 {[%clk
00:19:12]} {[%emt 00:01:07]} 44. Rb5 {[%clk 00:07:48]} {[%emt 00:00:55]} Kc6
{[%clk 00:17:19]} {[%emt 00:02:23]} 45. b4 {[%clk 00:05:59]} {[%emt 00:02:20]}
Rxa4 {[%clk 00:14:40]} {[%emt 00:03:08]} 46. Rxc5+ {[%clk 00:06:24]} {[%emt
00:00:05]} Kd6 {[%clk 00:14:59]} {[%emt 00:00:11]} 47. Rb5 {[%clk 00:05:55]}
{[%emt 00:00:59]} Ra1 {[%clk 00:13:28]} {[%emt 00:02:00]} 48. Rb6+ {[%clk
00:04:06]} {[%emt 00:02:20]} Kd5 {[%clk 00:11:58]} {[%emt 00:01:59]} 49. Rb5+
{[%clk 00:03:26]} {[%emt 00:01:11]} Kd6 {[%clk 00:12:02]} {[%emt 00:00:25]} 50.
Rb6+ {[%clk 00:03:07]} {[%emt 00:00:50]} Kd5 {[%clk 00:12:21]} {[%emt
00:00:11]} 51. Rh6 {[%clk 00:02:13]} {[%emt 00:01:24]} Ra3+ {[%clk 00:11:59]}
{[%emt 00:00:51]} 52. Kf2 {[%clk 00:02:33]} {[%emt 00:00:12]} Rb3 {[%clk
00:10:49]} {[%emt 00:01:40]} 53. Rxh5 {[%clk 00:02:57]} {[%emt 00:00:05]} Rxb4
{[%clk 00:11:11]} {[%emt 00:00:08]} 54. Kg3 {[%clk 00:02:34]} {[%emt 00:00:54]}
Ke6 {[%clk 00:10:15]} {[%emt 00:01:25]} 55. Rh8 {[%clk 00:02:31]} {[%emt
00:00:32]} Kf6 {[%clk 00:09:38]} {[%emt 00:01:07]} 56. Rf8+ {[%clk 00:02:18]}
{[%emt 00:00:43]} Kg6 {[%clk 00:08:59]} {[%emt 00:01:09]} 57. Re8 {[%clk
00:02:17]} {[%emt 00:00:32]} Kf5 {[%clk 00:07:36]} {[%emt 00:01:52]} 58. Rg8
{[%clk 00:02:40]} {[%emt 00:00:08]} Rb1 {[%clk 00:07:36]} {[%emt 00:00:30]} 59.
Rf8+ {[%clk 00:01:41]} {[%emt 00:01:29]} Kg6 {[%clk 00:07:45]} {[%emt
00:00:20]} 60. Kf2 {[%clk 00:01:17]} {[%emt 00:00:55]} Rh1 {[%clk 00:07:43]}
{[%emt 00:00:32]} 61. Rg8+ {[%clk 00:01:15]} {[%emt 00:00:32]} Kf6 {[%clk
00:06:25]} {[%emt 00:01:48]} 62. Rg4 {[%clk 00:01:34]} {[%emt 00:00:11]} Kf5
{[%clk 00:04:58]} {[%emt 00:01:57]} 63. Kg2 {[%clk 00:01:54]} {[%emt 00:00:10]}
Ra1 {[%clk 00:05:22]} {[%emt 00:00:05]} 64. h5 {[%clk 00:02:06]} {[%emt
00:00:18]} Ra6 {[%clk 00:05:31]} {[%emt 00:00:21]} 65. Kg3 {[%clk 00:02:22]}
{[%emt 00:00:14]} Rh6 {[%clk 00:03:26]} {[%emt 00:02:36]} 66. Kh4 {[%clk
00:02:48]} {[%emt 00:00:05]} Rh8 {[%clk 00:03:32]} {[%emt 00:00:23]} 67. Rg7
{[%clk 00:02:25]} {[%emt 00:00:52]} Kf6 {[%clk 00:03:29]} {[%emt 00:00:34]} 68.
Rg5 {[%clk 00:02:36]} {[%emt 00:00:18]} Ra8 {[%clk 00:02:36]} {[%emt 00:01:24]}
69. h6 {[%clk 00:01:13]} {[%emt 00:01:53]} Rh8 {[%clk 00:02:19]} {[%emt
00:00:47]} 70. Kh5 {[%clk 00:01:30]} {[%emt 00:00:13]} Ra8 {[%clk 00:02:16]}
{[%emt 00:00:33]} 71. Rg6+ {[%clk 00:01:19]} {[%emt 00:00:40]} Kf5 {[%clk
00:01:41]} {[%emt 00:01:06]} 72. h7 {[%clk 00:01:10]} {[%emt 00:00:38]} Rh8
{[%clk 00:01:47]} {[%emt 00:00:25]} 73. Kh6 {[%clk 00:01:26]} {[%emt 00:00:14]}
Kf4 {[%clk 00:01:58]} {[%emt 00:00:19]} 74. Rf6+ {[%emt 00:01:36]}  1-0

[Event "56th Hull Congress"]
[Site "Hull"]
[Date "2019.11.03"]
[Round "5"]
[Board "7"]
[White "Ackley, Peter Je"]
[Black "Han, Yichen"]
[Result "0-1"]
[WhiteElo "2008"]
[BlackElo "2191"]
[PlyCount "0"]
[EventDate "2019.11.01"]
[EventRounds "5"]
[EventCountry "ENG"]

1. c4 {[%clk 01:30:59]} e5 {[%clk 01:30:53]} {[%emt 00:00:07]} 2. g3 {[%clk
01:31:17]} {[%emt 00:00:12]} Nc6 {[%clk 01:31:18]} {[%emt 00:00:06]} 3. Nc3
{[%clk 01:31:42]} {[%emt 00:00:05]} f5 {[%clk 01:31:40]} {[%emt 00:00:07]} 4.
Nf3 {[%clk 01:31:59]} {[%emt 00:00:13]} Nf6 {[%clk 01:31:34]} {[%emt 00:00:36]}
5. d4 {[%clk 01:31:33]} {[%emt 00:00:56]} e4 {[%clk 01:30:23]} {[%emt
00:01:42]} 6. Nh4 {[%clk 01:30:49]} {[%emt 00:01:13]} d6 {[%clk 01:30:38]}
{[%emt 00:00:15]} 7. Ng2 {[%clk 01:29:08]} {[%emt 00:02:11]} Be7 {[%clk
01:29:58]} {[%emt 00:01:10]} 8. h4 {[%clk 01:28:51]} {[%emt 00:00:46]} O-O
{[%clk 01:28:45]} {[%emt 00:01:43]} 9. Nf4 {[%clk 01:27:10]} {[%emt 00:02:12]}
Qe8 {[%clk 01:26:03]} {[%emt 00:03:11]} 10. e3 {[%clk 01:26:29]} {[%emt
00:01:12]} Nd8 {[%clk 01:24:18]} {[%emt 00:02:14]} 11. Bd2 {[%clk 01:23:22]}
{[%emt 00:03:38]} Ne6 {[%clk 01:20:27]} {[%emt 00:04:22]} 12. Be2 {[%clk
01:22:40]} {[%emt 00:01:12]} Nxf4 {[%clk 01:20:17]} {[%emt 00:00:39]} 13. gxf4
{[%clk 01:22:05]} {[%emt 00:01:05]} Be6 {[%clk 01:14:12]} {[%emt 00:06:35]} 14.
Nb5 {[%clk 01:18:59]} {[%emt 00:03:36]} Bd8 {[%clk 01:09:13]} {[%emt 00:05:29]}
15. d5 {[%clk 01:18:29]} {[%emt 00:01:00]} Bd7 {[%clk 01:08:56]} {[%emt
00:00:46]} 16. Nd4 {[%clk 01:18:13]} {[%emt 00:00:47]} c5 {[%clk 01:07:51]}
{[%emt 00:01:35]} 17. Nc2 {[%clk 01:15:58]} {[%emt 00:02:45]} Qg6 {[%clk
01:02:01]} {[%emt 00:06:19]} 18. Kf1 {[%clk 01:15:42]} {[%emt 00:00:46]} Ng4
{[%clk 00:56:27]} {[%emt 00:06:05]} 19. Bxg4 {[%clk 01:12:26]} {[%emt
00:03:47]} fxg4 {[%clk 00:56:35]} {[%emt 00:00:21]} 20. Kg2 {[%clk 01:12:04]}
{[%emt 00:00:52]} Qf5 {[%clk 00:48:20]} {[%emt 00:08:44]} 21. Kg3 {[%clk
01:09:05]} {[%emt 00:03:29]} b5 {[%clk 00:43:25]} {[%emt 00:05:26]} 22. cxb5
{[%clk 01:03:45]} {[%emt 00:05:50]} Bxb5 {[%clk 00:41:30]} {[%emt 00:02:25]} 23.
Qxg4 {[%clk 01:03:37]} {[%emt 00:00:38]} Qxg4+ {[%clk 00:41:30]} {[%emt
00:00:30]} 24. Kxg4 {[%clk 01:04:00]} {[%emt 00:00:07]} Be2+ {[%clk 00:41:39]}
{[%emt 00:00:21]} 25. Kh3 {[%clk 01:00:53]} {[%emt 00:03:37]} Rf5 {[%clk
00:40:10]} {[%emt 00:01:59]} 26. Bc3 {[%clk 01:00:04]} {[%emt 00:01:18]} Rxd5
{[%clk 00:38:55]} {[%emt 00:01:46]} 27. Ne1 {[%clk 00:54:27]} {[%emt 00:06:07]}
Bxh4 {[%clk 00:34:00]} {[%emt 00:05:25]} 28. Rg1 {[%clk 00:54:17]} {[%emt
00:00:39]} g5 {[%clk 00:34:13]} {[%emt 00:00:17]} 29. fxg5 {[%clk 00:52:33]}
{[%emt 00:02:14]} Bxf2 {[%clk 00:34:23]} {[%emt 00:00:20]}  0-1